000 00720cam a2200205 4500
008 000000n2000 000 0 eng u
020 _a190085855X
035 _a(Sirsi) u110063
050 _a690.24
110 _aBuilding Maintenance Information
_93229
245 _aReview of rehabilitation costs.
260 _aLondon
_bBMI
_c2000
300 _a13p. ; 30cm.
490 _aBMI Special Report
_v296
520 _aThis item is part of a subscription service and cannot be photocopied. Neither can any part of it be read out over the phone. Please contact BMI direct on 020 7222 7000 for details.
650 _aCONVERSION COSTS
650 _aREHABILITATION COSTS
690 _aRefurbishment
_96264
942 _n0
999 _c101041
_d101041